| 000 | 00702nam a22001937a 4500 | ||
|---|---|---|---|
| 005 | 20150115164732.0 | ||
| 008 | 140911b2011 ck Il. |r|||| 00| 0 spa d | ||
| 040 |
_aCO-BoIAVH _cCO-BoIAVH |
||
| 041 | _aspa | ||
| 044 | _ack | ||
| 082 | 0 | 4 |
_a580.986 _bC36 |
| 245 | 0 | 0 | _aCatálogo fotográfico de especímenes de flora y fauna silvestre recuperadas en las Oficinas de Enlace de Bogotá de la Secretaría Distrital de Ambiente |
| 260 |
_aBogotá _bSecretaría Distrital de Ambiente _c2011 |
||
| 300 |
_a213 p. _bil. (col), tablas, mapas _c29 x 22 cm. |
||
| 500 | _aFichas de especies | ||
| 650 |
_aFlora _vcatálogos _zColombia _931650 |
||
| 650 |
_aFauna _vcatálogos _zColombia _931651 |
||
| 942 |
_2ddc _cLIBRO |
||
| 999 |
_c8677 _d8677 |
||